|
|
|
|
| LEADER |
00000cam a2200000 7i4500 |
| 001 |
0000000483 |
| 005 |
20010618.0 |
| 020 |
0 |
0 |
|a 9679933172
|
| 090 |
0 |
0 |
|a 354.595
|b AHM 1993
|
| 100 |
0 |
0 |
|a AHMAD Sarji bin Abdul Hamid
|f Tan Sri Dato' Seri
|c 1938-
|
| 245 |
1 |
0 |
|a Penerapan nilai dan budaya kerja cemerlang dalam pentadbiran awam Malaysia .
|l Inculcating values and excellent work culture in the public administration of Malaysia :
|b Selected speeches of Tan Sri Dato' Seri Ahmad Sarji bin Abdul Hamid, Chief Secretaryto the Government Malaysia
|
| 260 |
0 |
0 |
|a Kuala Lumpur :
|b Institut Tadbiran Awam Negara (INTAN) ,
|c 1993
|
| 300 |
|
|
|a xiii, 555 p. ;
|c 21 cm.
|
| 500 |
0 |
0 |
|a Bahasa Malaysia and English texts
|
| 650 |
0 |
0 |
|a Civil service ethics
|z Malaysia
|
| 650 |
0 |
0 |
|a Civil service
|z Malaysia
|x Labour productivity
|
| 650 |
0 |
0 |
|a Government executives
|z Malaysia
|
| 650 |
0 |
0 |
|a Public administration
|z Malaysia
|x Moral and ethical aspects
|
| 710 |
1 |
1 |
|a Institut Tadbiran Awam Negara (INTAN)
|
| 998 |
|
|
|a JPSM
|
| 999 |
|
|
|a 0000000140
|b Monograph
|c Open Shelf
|e Default branch
|
| 999 |
|
|
|a 0000001643
|b Monograph
|c Open Shelf
|e Default branch
|